000 00641nam a2200205 i 4500
001 72705
003 ES-MaACL
005 20251003200044.0
007 t|
008 040902s1958 sp ||||1| spa d
100 1 _aGlubb, John Bagot.
_957455
245 1 3 _aUn soldado con los árabes /
_cJohn Bagot Glubb ; [traducción y notas de Enrique Jarnés Bergua].
260 _aMadrid :
_bCid,
_c[1958] (
_fCanales)
300 _a597 p. ;
_c20 cm.
490 1 _aVértice ;
_v4
700 1 _aJarnés Bergua, Enrique,
_d1919-1986
_966132
830 0 _aVértice ;
_v4
_9182682
852 _aES-MaACL
_jC-161156
_bR.43936
999 _c72705
_d72705